Mito y lenguaje
Gardado en:
| Autor Principal: | |
|---|---|
| Formato: | Libro |
| Idioma: | Lingua castelá |
| Publicado: |
Buenos Aires
Galatea-Nueva Visión
1959
|
| Series: | Ideas de nuestro tiempo, 20
|
| Subjects: | |
| Tags: |
Engadir etiqueta
Sen Etiquetas, Sexa o primeiro en etiquetar este rexistro!
|
MARC
| LEADER | 00000nam a2200000 a 4500 | ||
|---|---|---|---|
| 001 | UCV7956 | ||
| 003 | CL-VaPUC | ||
| 008 | 900314e19590000AG |||||||||||||||||spa|d | ||
| 082 | 0 | 4 | |a 401 |b CAS |2 21 |
| 100 | 0 | |a Cassirer, Ernst |e author |9 391 | |
| 245 | 1 | 0 | |a Mito y lenguaje |
| 300 | |a 106 p | ||
| 942 | |c BK | ||
| 945 | |d 19900314 00:00:00 | ||
| 260 | |a Buenos Aires |b Galatea-Nueva Visión |c 1959 | ||
| 650 | 0 | |a Lenguaje y lenguas |9 265846 | |
| 650 | 0 | |a Mitología |9 255719 | |
| 583 | |a last modification |c 19900314 00:00:00 |k Rodrigo Vera | ||
| 490 | 0 | |a Ideas de nuestro tiempo, 20 | |
| 999 | |c 213556 |d 213554 | ||
| 952 | |0 0 |1 0 |4 0 |6 401_000000000000000_CAS_1959 |7 0 |8 P |9 196041 |a BIBARQ |b BIBARQ |d 2019-11-14 |i 2639920 |o 401 CAS 1959 |p 2639920 |r 2025-01-20 |w 2019-11-14 |y BK |k ARQ | ||